[Event "EU-chT (Men) 14th"]
[Site "Plovdiv"]
[Date "2003.10.14"]
[Round "4.2"]
[White "Theoocharides, Constantinos"]
[Black "Lalic, Bogdan"]
[Result "0-1"]
[WhiteElo "2105"]
[BlackElo "2503"]
[PlyCount "100"]
[EventDate "2003.10.10"]
[EventType "team-swiss"]
[EventRounds "9"]
[EventCountry "BUL"]
[SourceTitle "CBM 098"]
[Source "ChessBase"]
[SourceDate "2004.02.03"]
[SourceVersion "1"]
[SourceVersionDate "2004.02.03"]
[SourceQuality "1"]
[WhiteTeam "Cyprus"]
[BlackTeam "England"]
[WhiteTeamCountry "CYP"]
[BlackTeamCountry "ENG"]

1. e4 c5 2. Nf3 e6 3. d3 d5 4. Nbd2 Nc6 5. g3 Bd6 6. Bg2 Nge7 7. 0-0 0-0 8. Re1 Bc7 9. Nf1 d4 10. h3 e5 11. g4 Ng6 12. Ng3 Nf4 13. Bf1 Ba5 14. Bd2 Bxd2 15. Nxd2 Be6 16. Qf3 Qg5 17. Nc4 Bxc4 18. dxc4 Rae8 19. Ne2 h5 20. Nxf4 exf4 21. Qg2 hxg4 22. hxg4 Ne5 23. f3 g6 24. Bd3 Kg7 25. Kf2 Rh8 26. Rh1 Rh4 27. Rh3 Rxh3 28. Qxh3 Rh8 29. Qg2 Qh4+ 30. Ke2 Qg3 31. Qxg3 fxg3 32. Rg1 Rh2+ 33. Kd1 Nxd3 34. cxd3 Rxb2 35. Rxg3 Rxa2 36. f4 a6 37. e5 b5 38. cxb5 axb5 39. f5 Ra3 40. Kc2 c4 41. Rf3 Rc3+ 42. Kd2 b4 43. e6 fxe6 44. fxe6 Rxd3+ 45. Rxd3 cxd3 46. Kxd3 b3 47. e7 Kf7 48. e8Q+ Kxe8 49. Kd2 Ke7 50. Kc1 d3 0-1

[Event "EU-chT (Men) 14th"]
[Site "Plovdiv"]
[Date "2003.10.11"]
[Round "1.3"]
[White "Theoocharides, Constantinos"]
[Black "Zelcic, Robert"]
[Result "0-1"]
[WhiteElo "2105"]
[BlackElo "2552"]
[PlyCount "86"]
[EventDate "2003.10.10"]
[EventType "team-swiss"]
[EventRounds "9"]
[EventCountry "BUL"]
[SourceTitle "CBM 098"]
[Source "ChessBase"]
[SourceDate "2004.02.03"]
[SourceVersion "1"]
[SourceVersionDate "2004.02.03"]
[SourceQuality "1"]
[WhiteTeam "Cyprus"]
[BlackTeam "Croatia"]
[WhiteTeamCountry "CYP"]
[BlackTeamCountry "CRO"]

1. e4 c6 2. d4 d5 3. e5 c5 4. dxc5 Nc6 5. Bb5 e6 6. Be3 Nge7 7. c3 Bd7 8. Bxc6 Bxc6 9. Bd4 Nf5 10. Nf3 Nxd4 11. Qxd4 Qa5 12. b4 Qa6 13. Qe3 b6 14. cxb6 axb6 15. Nd4 Bd7 16. Nd2 Be7 17. f4 0-0 18. Kf2 f6 19. N2f3 Qa3 20. Rhb1 g5 21. Rb3 Qa6 22. Kg1 gxf4 23. Qxf4 Qc4 24. Nd2 Qc7 25. Qg4+ Kh8 26. Nxe6 Bxe6 27. Qxe6 fxe5 28. Nf3 e4 29. Nd4 Bd6 30. Qh3 Qc4 31. Rb2 Ra3 32. Rb3 Rxa2 33. Rbb1 Be5 34. Ne6 Rff2 35. Rxa2 Qxa2 36. Rd1 Rf6 37. Rf1 Rxf1+ 38. Kxf1 Qa1+ 39. Kf2 Qb2+ 40. Kf1 Qc1+ 41. Kf2 Qd2+ 42. Kf1 Bxc3 43. Qg3 Qd1+ 0-1